Scales Quiz Stats

 Plays Quiz Updated Jan 24, 2019

     
Support Sporcle.
Go Orange.
Score 0/22 Timer 07:00
1 Play Today
Measure of... Scale % Correct
seismic energyRichter scale
80.7%
acidity of a solutionpH
73%
temperature (0° = frozen water)Celsius
72.8%
temperature (273.15 = frozen water)Kelvin
70.9%
temperature (32° = frozen water)Fahrenheit
57.5%
mineral hardnessMohs hardness scale
26.5%
hotness of a chili pepperScoville scale
17.5%
sexual orientationKinsey scale
11.5%
wind speedBeaufort wind force scale
11.2%
tornado intensityFujita-Pearson scale
10.7%
a newborn baby healthApgar Scale (Score)
8.3%
Measure of... Scale % Correct
earthquake damageMercalli intensity scale
4.2%
level of (impaired) consciousnessGlasgow Coma Scale
4.2%
hurricane intensitySaffir-Simpson Hurricane Scale
3.4%
level of agreement in a questionnaireLikert scale
2.5%
the hazard of impact of an object hitting the EarthPalermo Technical Impact Hazard Scale
1.4%
onion pungencyPyruvate scale
1.3%
height of the waves or swell of the seaDouglas Sea Scale
1.1%
lunar eclipse brightnessDanjon scale
1.1%
the subjective effect of psychoactive substancesShulgin rating scale
1.1%
pain toleranceDol scale
0.9%
manifestation of prejudice in a societyAllport's Scale of Prejudice
0.9%

From the Vault

1990s or 2000s?

by kfastic

History 5m
Do you feel old yet?
Remove Ads.
Support Sporcle.
Get the best of Sporcle when you Go Orange. This ad-free experience offers more features, more stats, and more fun while also helping to support Sporcle. Thank you for becoming a member.

Show Comments

Extras

Top Quizzes Today


Score Distribution

Your Account Isn't Verified!

In order to create a playlist on Sporcle, you need to verify the email address you used during registration. Go to your Sporcle Settings to finish the process.

Report this User

Report this user for behavior that violates our Community Guidelines.

Details: